[Event "MVP-ch Seniors op 18th"]
[Site "Ostseebad Binz"]
[Date "2018.12.01"]
[Round "4"]
[White "Mahrla, Hans"]
[Black "Rosmann, Armin"]
[Result "1-0"]
[WhiteElo "1763"]
[BlackElo "1622"]
[PlyCount "63"]
[EventDate "2018.11.28"]
[EventType "swiss"]
[EventRounds "9"]
[EventCountry "GER"]
[SourceTitle "CBM 188 Extra"]
[Source "ChessBase"]
[SourceDate "2019.02.26"]
[SourceVersion "1"]
[SourceVersionDate "2019.02.26"]
[SourceQuality "1"]

1. e4 e5 2. f4 Nc6 3. Nf3 d6 4. Be2 Nf6 5. d3 Be7 6. 0-0 Bg4 7. fxe5 Nxe5 8. Nbd2 Bh5 9. h3 Qd7 10. Nxe5 Bxe2 11. Nxd7 Bxd1 12. Nxf6+ Bxf6 13. Rxd1 0-0 14. Nf3 Rae8 15. c3 c5 16. Bf4 Re6 17. Ng5 Bxg5 18. Bxg5 f5 19. Rf1 fxe4 20. Rxf8+ Kxf8 21. Re1 d5 22. dxe4 h6 23. Bd2 dxe4 24. Be3 b6 25. Re2 h5 26. g3 g6 27. Kg2 Ke7 28. Bg5+ Kd7 29. c4 Re5 30. Bf4 Re6 31. g4 h4 32. Bg5 1-0

[Event "Bad Woerishofen Seniors op 32nd"]
[Site "Bad Woerishofen"]
[Date "2016.03.02"]
[Round "6"]
[White "Wraga, Teresa"]
[Black "Mahrla, Hans"]
[Result "1/2-1/2"]
[WhiteElo "1687"]
[BlackElo "1820"]
[PlyCount "55"]
[EventDate "2016.02.26"]
[EventType "swiss"]
[EventRounds "9"]
[EventCountry "GER"]
[SourceTitle "EXT 2019"]
[Source "ChessBase"]
[SourceDate "2018.10.10"]
[SourceVersion "1"]
[SourceVersionDate "2018.10.10"]
[SourceQuality "1"]

1. e4 e6 2. d3 d5 3. Nd2 c5 4. Ngf3 Nc6 5. g3 Nf6 6. Bg2 Be7 7. 0-0 Qc7 8. Re1 0-0 9. e5 Nd7 10. Qe2 h6 11. h4 b6 12. Nf1 Bb7 13. Bf4 Rac8 14. c3 Ba6 15. N1h2 Rfe8 16. Ng4 Nf8 17. Nf6+ gxf6 18. exf6 Bd6 19. Ne5 Nxe5 20. Bxe5 Ng6 21. Qg4 Bxe5 22. h5 Kh7 23. hxg6+ fxg6 24. f7 Re7 25. f4 Bg7 26. Rxe6 Bxd3 27. Rxe7 Qxe7 28. Qxc8 1/2-1/2

[Event "Bad Woerishofen Seniors op 32nd"]
[Site "Bad Woerishofen"]
[Date "2016.02.29"]
[Round "4"]
[White "Schmidt, Eugen"]
[Black "Mahrla, Hans"]
[Result "1-0"]
[WhiteElo "1969"]
[BlackElo "1820"]
[PlyCount "67"]
[EventDate "2016.02.26"]
[EventType "swiss"]
[EventRounds "9"]
[EventCountry "GER"]
[SourceTitle "EXT 2019"]
[Source "ChessBase"]
[SourceDate "2018.10.10"]
[SourceVersion "1"]
[SourceVersionDate "2018.10.10"]
[SourceQuality "1"]

1. e4 e6 2. d4 d5 3. Nd2 Nf6 4. e5 Nfd7 5. Ngf3 c5 6. c3 Be7 7. Bd3 Nc6 8. Bb1 b6 9. 0-0 cxd4 10. cxd4 Ba6 11. Re1 Rc8 12. a3 b5 13. b4 Nb6 14. Nb3 Na4 15. Nc5 Bxc5 16. bxc5 Nc3 17. Qb3 Nxb1 18. Qxb1 h6 19. Qd3 Qa5 20. Qe3 Rb8 21. Bd2 Qc7 22. Nh4 Kd7 23. f4 g6 24. g4 Qd8 25. Ng2 h5 26. f5 hxg4 27. fxe6+ fxe6 28. Rf1 Qe7 29. Rf6 Qh7 30. Qf4 Qh5 31. Rf7+ Ke8 32. Rf1 Rh7 33. Rxh7 Qxh7 34. Qf8+ 1-0

[Event "Bad Woerishofen Seniors op 32nd"]
[Site "Bad Woerishofen"]
[Date "2016.02.28"]
[Round "3"]
[White "Mahrla, Hans"]
[Black "Wraga, Hermann"]
[Result "1-0"]
[WhiteElo "1820"]
[BlackElo "1667"]
[PlyCount "69"]
[EventDate "2016.02.26"]
[EventType "swiss"]
[EventRounds "9"]
[EventCountry "GER"]
[SourceTitle "EXT 2019"]
[Source "ChessBase"]
[SourceDate "2018.10.10"]
[SourceVersion "1"]
[SourceVersionDate "2018.10.10"]
[SourceQuality "1"]

1. e4 d6 2. f4 g6 3. Nf3 Bg7 4. c3 c5 5. d3 e6 6. Be2 Ne7 7. 0-0 0-0 8. Be3 Nbc6 9. Nbd2 a6 10. Qc2 b6 11. a3 Bb7 12. Rab1 a5 13. Rfd1 Qc7 14. Rdc1 Rfc8 15. d4 Qd8 16. Qb3 a4 17. Qd1 Ba6 18. Bxa6 Rxa6 19. Qe2 Raa8 20. Rd1 Qc7 21. Qf2 Nd8 22. Qh4 f6 23. g4 Nf7 24. Qg3 Qd8 25. h4 Nh8 26. h5 gxh5 27. gxh5 Kf7 28. Kh1 h6 29. Rg1 Qf8 30. Rg2 f5 31. Rbg1 Bf6 32. e5 Nd5 33. Bf2 Be7 34. Nh4 Qg8 35. Qf3 1-0

[Event "Bayern-ch Seniors op 27th"]
[Site "Bergen"]
[Date "2015.06.15"]
[Round "6"]
[White "Mahrla, Hans"]
[Black "Conitz, Helmut"]
[Result "1-0"]
[WhiteElo "1647"]
[BlackElo "1343"]
[PlyCount "91"]
[EventDate "2015.06.15"]
[EventType "swiss"]
[EventRounds "9"]
[EventCountry "GER"]
[SourceTitle "EXT 2019"]
[Source "ChessBase"]
[SourceDate "2018.10.10"]
[SourceVersion "1"]
[SourceVersionDate "2018.10.10"]
[SourceQuality "1"]

1. e4 e5 2. Nf3 Nf6 3. Nxe5 d6 4. Nf3 Nxe4 5. d3 Nf6 6. Nc3 Be6 7. d4 c6 8. Bd3 h6 9. 0-0 Be7 10. Re1 0-0 11. h3 Nbd7 12. Ne4 Nxe4 13. Bxe4 d5 14. Bd3 Qc7 15. c3 Kh8 16. Bc2 Rg8 17. Qd3 Nf8 18. Ne5 Bf6 19. Bf4 Qc8 20. Re2 g5 21. Bg3 Rg7 22. Re3 Nh7 23. Rae1 Qg8 24. Kh2 h5 25. f3 g4 26. fxg4 hxg4 27. Nxg4 Bxg4 28. hxg4 Nf8 29. Be5 Bxe5+ 30. Rxe5 Rh7+ 31. Rh5 Ng6 32. Ree5 Rxh5+ 33. Rxh5+ Kg7 34. Qe3 Kf8 35. Bxg6 fxg6 36. Qf4+ Ke7 37. Re5+ Kd7 38. g5 Rf8 39. Qg4+ Kc7 40. Re7+ Kb6 41. Qd1 Rb8 42. Qb3+ Ka6 43. Qb4 Qd8 44. c4 Qc8 45. Qa4+ Kb6 46. c5# 1-0

[Event "Bayern-ch op Seniors 26th"]
[Site "Bergen"]
[Date "2014.06.27"]
[Round "7"]
[White "Mahrla, Hans"]
[Black "Hansch, Klaus Michael"]
[Result "1-0"]
[WhiteElo "1626"]
[BlackElo "1766"]
[PlyCount "83"]
[EventDate "2014.06.21"]
[EventType "swiss"]
[EventRounds "7"]
[EventCountry "GER"]
[SourceTitle "EXT 2018"]
[Source "ChessBase"]
[SourceDate "2017.10.13"]
[SourceVersion "1"]
[SourceVersionDate "2017.10.13"]
[SourceQuality "1"]

1. e4 d5 2. exd5 Nf6 3. d4 Bg4 4. Nf3 Nxd5 5. c4 Nf6 6. Be2 e6 7. Nc3 c6 8. 0-0 Be7 9. Be3 0-0 10. Qc2 Na6 11. a3 Rc8 12. b4 Nc7 13. h3 Bh5 14. Rad1 Ra8 15. Qb3 Qc8 16. Rd2 Rd8 17. Rfd1 Nce8 18. g4 Bg6 19. Ne5 Ne4 20. Nxe4 Bxe4 21. f3 Bg6 22. Kg2 b6 23. d5 cxd5 24. cxd5 exd5 25. Nxg6 hxg6 26. Rxd5 Rxd5 27. Rxd5 Nf6 28. Rd1 Qc7 29. Rc1 Qe5 30. f4 Qd6 31. Rd1 Qc7 32. Bc4 Qc6+ 33. Kg1 Rf8 34. a4 Qf3 35. Bd2 Qb7 36. Bc3 Ne4 37. Bd5 Nxc3 38. Bxb7 Nxd1 39. Qxd1 Bxb4 40. Qd7 Bc5+ 41. Kg2 a5 42. Bd5 1-0

[Event "Bayern-ch op Seniors 26th"]
[Site "Bergen"]
[Date "2014.06.22"]
[Round "3"]
[White "Kolkwitz, Klaus"]
[Black "Mahrla, Hans"]
[Result "0-1"]
[WhiteElo "1784"]
[BlackElo "1626"]
[PlyCount "52"]
[EventDate "2014.06.21"]
[EventType "swiss"]
[EventRounds "7"]
[EventCountry "GER"]
[SourceTitle "EXT 2018"]
[Source "ChessBase"]
[SourceDate "2017.10.13"]
[SourceVersion "1"]
[SourceVersionDate "2017.10.13"]
[SourceQuality "1"]

1. d4 Nf6 2. Nf3 e6 3. e3 d5 4. Bd3 c5 5. c3 Nc6 6. Nbd2 Bd6 7. dxc5 Bxc5 8. 0-0 0-0 9. e4 e5 10. exd5 Qxd5 11. Qc2 h6 12. Ne4 Nxe4 13. Bxe4 Qe6 14. Rd1 Ne7 15. b4 Bb6 16. c4 f5 17. Bd5 Nxd5 18. Rxd5 Bc7 19. Bb2 e4 20. Ne5 Rd8 21. Rad1 Rxd5 22. Rxd5 b6 23. Qc3 Bb7 24. Rd7 Bxe5 25. Rxg7+ Kxg7 26. Qg3+ Kf6 0-1

[Event "Bayern-ch op Seniors 26th"]
[Site "Bergen"]
[Date "2014.06.21"]
[Round "1"]
[White "Gerl, Hans Peter"]
[Black "Mahrla, Hans"]
[Result "1-0"]
[WhiteElo "1917"]
[BlackElo "1626"]
[PlyCount "155"]
[EventDate "2014.06.21"]
[EventType "swiss"]
[EventRounds "7"]
[EventCountry "GER"]
[SourceTitle "EXT 2018"]
[Source "ChessBase"]
[SourceDate "2017.10.13"]
[SourceVersion "1"]
[SourceVersionDate "2017.10.13"]
[SourceQuality "1"]

1. d4 Nf6 2. c4 e6 3. Nf3 d5 4. Nc3 a6 5. e3 dxc4 6. Bxc4 b5 7. Bd3 Bb7 8. 0-0 Nbd7 9. Qe2 Be7 10. e4 c5 11. Rd1 cxd4 12. Nxd4 0-0 13. a3 Nc5 14. Bc2 Qc7 15. e5 Nd5 16. Nxd5 Bxd5 17. Bf4 Qb7 18. Qg4 f5 19. exf6 Bxf6 20. Bd6 Rfc8 21. Rac1 Bxd4 22. Qxd4 Ne4 23. Be5 Rc4 24. Qe3 Rac8 25. Bxe4 Rxc1 26. Rxc1 Rxc1+ 27. Qxc1 Bxe4 28. f3 Bd5 29. Qg5 Qd7 30. h4 h6 31. Qg4 Qf7 32. Kh2 Qa7 33. Bd4 Qc7+ 34. Kh3 Qf7 35. Kh2 Qc7+ 36. Kh3 Qf7 37. Qg3 Qd7 38. Qe5 Qf7 39. Kh2 Bc4 40. Be3 Bd3 41. Bd4 Bc4 42. f4 Bd5 43. g4 Qg6 44. Qe2 Qe4 45. Qxe4 Bxe4 46. Kg3 Kf7 47. Kf2 Bd5 48. Bc3 g6 49. Ke3 Bc4 50. Kd4 g5 51. hxg5 hxg5 52. fxg5 Kg6 53. Bd2 a5 54. Ke5 a4 55. Kd6 Bb3 56. Bf4 Bc4 57. Kc5 e5 58. Be3 e4 59. Kd4 Bd3 60. Kc3 Bc4 61. Kd4 Bd3 62. Ke5 Bc2 63. Kd4 Bd3 64. Kc5 Bc4 65. Kb4 Bd3 66. b3 axb3 67. Kxb3 Bc4+ 68. Kb4 Bd3 69. Bf4 Bc4 70. a4 Be2 71. axb5 Bxg4 72. b6 Bc8 73. Kc5 Bb7 74. Kd6 Kf5 75. Be3 Ba6 76. Kc7 Kg6 77. b7 Bxb7 78. Kxb7 1-0

[Event "Merano Gold Cup 42nd"]
[Site "Merano"]
[Date "2014.04.28"]
[Round "4"]
[White "Mahrla, Hans"]
[Black "Collins, Alan"]
[Result "1-0"]
[WhiteElo "1842"]
[BlackElo "1732"]
[PlyCount "65"]
[EventDate "2014.04.25"]
[EventType "swiss"]
[EventRounds "9"]
[EventCountry "ITA"]
[SourceTitle "EXT 2015"]
[Source "ChessBase"]
[SourceDate "2014.11.20"]
[SourceVersion "1"]
[SourceVersionDate "2014.11.20"]
[SourceQuality "1"]

1. e4 d6 2. d4 Nf6 3. Bd3 e5 4. c3 Be7 5. Nf3 Bg4 6. Be3 Nbd7 7. Nbd2 0-0 8. h3 Bh5 9. g4 Bg6 10. Qe2 c6 11. Nh2 h5 12. f4 exf4 13. Bxf4 hxg4 14. hxg4 Nh7 15. 0-0-0 Re8 16. Nhf3 Ndf8 17. Bc2 Ne6 18. Bg3 d5 19. Ne5 Bxe4 20. Nxe4 dxe4 21. Bxe4 Bg5+ 22. Kb1 Nef8 23. Qc2 Bh6 24. Rdf1 Ng5 25. Bd3 Nfe6 26. Rf2 Rf8 27. Rhf1 Rc8 28. Bh4 Qc7 29. Bf5 Rce8 30. Nf3 f6 31. Qb3 Kf7 32. Bxg5 Bxg5 33. Bxe6+ 1-0

[Event "Bad Woerishofen Seniors op 30th"]
[Site "Bad Woerishofen"]
[Date "2014.03.21"]
[Round "1"]
[White "Hein, Manfred"]
[Black "Mahrla, Hans"]
[Result "1-0"]
[WhiteElo "2064"]
[BlackElo "1842"]
[PlyCount "121"]
[EventDate "2014.03.21"]
[EventType "swiss"]
[EventRounds "9"]
[EventCountry "GER"]
[SourceTitle "EXT 2019"]
[Source "ChessBase"]
[SourceDate "2018.10.10"]
[SourceVersion "1"]
[SourceVersionDate "2018.10.10"]
[SourceQuality "1"]

1. e4 e6 2. d4 d5 3. Bd3 dxe4 4. Bxe4 Nf6 5. Bf3 h6 6. Ne2 c5 7. 0-0 cxd4 8. Qxd4 Qxd4 9. Nxd4 a6 10. c4 Be7 11. Nc3 Nbd7 12. a3 0-0 13. b4 Ne5 14. Be2 Bd7 15. f4 Nc6 16. Nb3 Rfd8 17. Be3 Be8 18. Bb6 Rdc8 19. Bf3 Bd8 20. Bf2 Rab8 21. Rac1 Bc7 22. g3 Nd8 23. Ba7 Ra8 24. Bd4 Bc6 25. Bxf6 gxf6 26. Ne4 f5 27. Ned2 Bxf3 28. Nxf3 Nc6 29. Rfd1 Rd8 30. Kf1 Kf8 31. Rxd8+ Rxd8 32. Nc5 Bb6 33. Nxb7 Rd3 34. Kg2 Be3 35. Ra1 Rd7 36. Re1 Ba7 37. b5 axb5 38. cxb5 Ne7 39. Na5 Rc7 40. Rb1 Bb6 41. Nb3 Ra7 42. Ra1 Nd5 43. Ne5 Ke8 44. a4 Ne3+ 45. Kf3 Nc2 46. Rc1 Nb4 47. Rc8+ Ke7 48. Rc4 f6 49. Rxb4 fxe5 50. fxe5 Kd7 51. Rc4 h5 52. Kf4 Bd8 53. Nc5+ Ke7 54. Nb3 Kd7 55. Kf3 Bb6 56. Ke2 Bd8 57. Nc5+ Ke7 58. Na6 Bb6 59. Nb8 Rb7 60. Nc6+ Kd7 61. Rh4 1-0

[Event "Bayern-ch Seniors 25th"]
[Site "Bergen"]
[Date "2013.06.18"]
[Round "4.22"]
[White "Mahrla, Hans"]
[Black "Neumeister, Herbert D"]
[Result "1/2-1/2"]
[WhiteElo "1632"]
[BlackElo "1772"]
[PlyCount "116"]
[EventDate "2013.06.15"]
[EventType "swiss"]
[EventRounds "9"]
[EventCountry "GER"]
[SourceTitle "EXT 2022"]
[Source "ChessBase"]
[SourceDate "2021.10.06"]
[SourceVersion "1"]
[SourceVersionDate "2021.10.06"]
[SourceQuality "1"]

1. e4 c5 2. c3 d5 3. exd5 Qxd5 4. Nf3 Nc6 5. d4 Bg4 6. c4 Qe4+ 7. Be2 Bxf3 8. gxf3 Qxd4 9. Qb3 Qd7 10. Be3 e6 11. Nc3 a6 12. Ne4 Nd4 13. Bxd4 cxd4 14. 0-0-0 Be7 15. Kb1 Nf6 16. Qd3 Rd8 17. Nxf6+ Bxf6 18. h4 h5 19. f4 Qe7 20. Qg3 g6 21. Bd3 Qc7 22. Qg2 Kf8 23. Qg3 Qc5 24. Rde1 Rg8 25. Re4 b5 26. cxb5 axb5 27. Re2 b4 28. Rc2 Qd5 29. Rhc1 b3 30. axb3 Qxb3 31. Rc8 Kg7 32. Rxd8 Rxd8 33. Bc2 Qd5 34. Bd3 Ra8 35. Rc2 Qh1+ 36. Rc1 Qxh4 37. Rc7 Qxg3 38. fxg3 e5 39. Bc4 Rf8 40. b4 exf4 41. b5 Be5 42. Rc5 f6 43. gxf4 Bxf4 44. Rd5 Be5 45. b6 Rb8 46. Rd7+ Kh6 47. b7 h4 48. Kc2 h3 49. Kd3 h2 50. Bd5 Rh8 51. Re7 Kg5 52. Be4 h1Q 53. Bxh1 Rxh1 54. Rxe5+ fxe5 55. b8Q Rh3+ 56. Kc4 Kf4 57. Qd6 Rc3+ 58. Kb4 g5 1/2-1/2

[Event "Bayern-ch Seniors 25th"]
[Site "Bergen"]
[Date "2013.06.18"]
[Round "5.24"]
[White "Winter, Bernd"]
[Black "Mahrla, Hans"]
[Result "1/2-1/2"]
[WhiteElo "1742"]
[BlackElo "1632"]
[PlyCount "79"]
[EventDate "2013.06.15"]
[EventType "swiss"]
[EventRounds "9"]
[EventCountry "GER"]
[SourceTitle "EXT 2022"]
[Source "ChessBase"]
[SourceDate "2021.10.06"]
[SourceVersion "1"]
[SourceVersionDate "2021.10.06"]
[SourceQuality "1"]

1. e4 e6 2. d4 d5 3. Nc3 Nf6 4. e5 Nfd7 5. Nce2 c5 6. c3 cxd4 7. cxd4 Nc6 8. Nf3 Be7 9. Nc3 a6 10. a3 b5 11. Bd3 Na5 12. b4 Nc4 13. 0-0 Bb7 14. Nd2 Ndb6 15. Nxc4 Nxc4 16. Bxc4 bxc4 17. Qg4 g5 18. f4 h5 19. Qe2 Bc8 20. fxg5 Bxg5 21. Bxg5 Qxg5 22. Rf6 Rg8 23. Raf1 Rg7 24. Qf2 Ra7 25. b5 Re7 26. a4 Bb7 27. bxa6 Bxa6 28. Nxd5 Bb7 29. Nf4 Be4 30. Re1 Ba8 31. a5 Rd7 32. Rb1 Rb7 33. Rxb7 Bxb7 34. Qb2 Bxg2 35. Nxg2 h4 36. Rf3 Qg4 37. Ra3 h3 38. Qb8+ Ke7 39. Qc7+ Ke8 40. Qc8+ 1/2-1/2

[Event "Bayern-ch Seniors 24nd"]
[Site "Bergen"]
[Date "2012.06.22"]
[Round "7"]
[White "Mahrla, Hans"]
[Black "Perzl, Michael"]
[Result "1-0"]
[WhiteElo "1619"]
[BlackElo "1728"]
[PlyCount "67"]
[EventDate "2012.06.16"]
[EventType "swiss"]
[EventRounds "9"]
[EventCountry "GER"]
[SourceTitle "EXT 2015"]
[Source "ChessBase"]
[SourceDate "2014.11.20"]
[SourceVersion "1"]
[SourceVersionDate "2014.11.20"]
[SourceQuality "1"]

1. e4 c5 2. f4 Nc6 3. Nf3 g6 4. c3 Bg7 5. e5 d5 6. d4 Qb6 7. b3 cxd4 8. Nxd4 Qc7 9. Nb5 Qd8 10. Be3 a6 11. Nd4 f6 12. Nxc6 bxc6 13. exf6 Nxf6 14. Bd4 0-0 15. Be2 Qc7 16. 0-0 Bh6 17. Be5 Qb6+ 18. Bd4 Qc7 19. g3 Qd7 20. Nd2 Bb7 21. Re1 c5 22. Bxc5 Rfc8 23. Bd4 g5 24. fxg5 Bxg5 25. Nf3 Bh6 26. Ne5 Qe8 27. Ng4 Qg6 28. Nxf6+ exf6 29. Bf3 Rd8 30. Re7 Rab8 31. Qe2 Bf8 32. Bh5 Qg5 33. Qe6+ Kh8 34. Bxf6+ 1-0

[Event "Bad Griesbach Seniors op 14th"]
[Site "Bad Griesbach"]
[Date "2011.12.08"]
[Round "5"]
[White "Zorn, Guenter"]
[Black "Mahrla, Hans"]
[Result "0-1"]
[WhiteElo "1291"]
[BlackElo "1621"]
[PlyCount "104"]
[EventDate "2011.12.04"]
[EventType "swiss"]
[EventRounds "7"]
[EventCountry "GER"]
[SourceTitle "EXT 2015"]
[Source "ChessBase"]
[SourceDate "2014.11.20"]
[SourceVersion "1"]
[SourceVersionDate "2014.11.20"]
[SourceQuality "1"]

1. d4 Nf6 2. Nf3 d5 3. c4 e6 4. Bg5 a6 5. Nc3 Be7 6. e3 dxc4 7. Bxc4 b5 8. Be2 Bb7 9. 0-0 Nbd7 10. a3 c5 11. b3 Rc8 12. Rc1 cxd4 13. Nxd4 Bxa3 14. Rc2 h6 15. Bh4 0-0 16. Bf3 Qb6 17. Bxb7 Qxb7 18. Bg3 Rfe8 19. Nce2 e5 20. Nf3 Ne4 21. h3 Nxg3 22. Nxg3 Rxc2 23. Qxc2 Rc8 24. Qb1 Qc7 25. Rd1 Nf6 26. Qf5 Bb2 27. Nh5 Nxh5 28. Qxh5 Rd8 29. Rxd8+ Qxd8 30. Nxe5 Bxe5 31. Qxe5 Qd1+ 32. Kh2 Qxb3 33. Qe8+ Kh7 34. Qe4+ g6 35. f4 Qe6 36. Qd3 b4 37. g4 a5 38. f5 Qe5+ 39. Kg2 gxf5 40. gxf5 h5 41. f6+ Kh6 42. e4 Qxf6 43. Qc4 Qe7 44. Qc6+ Qe6 45. Qd5 Qxd5 46. exd5 Kg6 47. Kf3 Kf6 48. Ke4 b3 49. d6 Ke6 50. Kd4 Kxd6 51. Kc3 a4 52. Kb4 b2 0-1

[Event "Bad Griesbach Seniors op 14th"]
[Site "Bad Griesbach"]
[Date "2011.12.04"]
[Round "1"]
[White "Macura, Emil"]
[Black "Mahrla, Hans"]
[Result "1/2-1/2"]
[WhiteElo "2229"]
[BlackElo "1621"]
[PlyCount "126"]
[EventDate "2011.12.04"]
[EventType "swiss"]
[EventRounds "7"]
[EventCountry "GER"]
[SourceTitle "EXT 2015"]
[Source "ChessBase"]
[SourceDate "2014.11.20"]
[SourceVersion "1"]
[SourceVersionDate "2014.11.20"]
[SourceQuality "1"]

1. c4 Nf6 2. d4 e6 3. Nf3 d5 4. e3 Be7 5. Nbd2 a6 6. Bd3 dxc4 7. Nxc4 Nbd7 8. 0-0 b5 9. Nce5 Nxe5 10. Nxe5 Bb7 11. Qc2 Qd5 12. Nf3 c5 13. dxc5 Bxc5 14. Rd1 Qc6 15. a3 Rc8 16. b4 Be7 17. Qxc6+ Bxc6 18. Bb2 0-0 19. Rac1 Rfd8 20. Kf1 Kf8 21. Ne5 Bd5 22. f3 Bb3 23. Rxc8 Rxc8 24. Rc1 Rxc1+ 25. Bxc1 Bd5 26. e4 Bb7 27. Be3 Ke8 28. Bc2 Nd7 29. Nd3 f6 30. Nf4 e5 31. Ne6 Kf7 32. Bb3 Kg6 33. g4 h6 34. h4 Kh7 35. Nc7 Bd8 36. Nd5 g5 37. h5 Kg7 38. Ke2 Kf8 39. Kd3 Bc6 40. Ba7 Ke8 41. Ne3 Be7 42. Nf5 Bf8 43. Bd5 Bxd5 44. exd5 Kd8 45. d6 Kc8 46. Bc5 Nb8 47. Ke4 Kd7 48. Kd5 Nc6 49. Bb6 Nd4 50. Bxd4 exd4 51. Kxd4 Bxd6 52. Nxh6 Ke6 53. Nf5 Be5+ 54. Kc5 Bb2 55. Nd4+ Ke5 56. Ne2 f5 57. h6 Kf6 58. gxf5 Kxf5 59. h7 Kg6 60. Nd4 Kxh7 61. Ne6 Kg6 62. Nxg5 Kxg5 63. Kb6 Bxa3 1/2-1/2